=LDR 00000nam 2200000 4500 =001 INLIS000000000027115 =005 20130612125521 =008 ***********************************Ind** =035 ##$$0010-061300000027115 =041 ##$$a Ind =082 ##$$a 2x4.301 =090 ##$$a 2x4.301, Bad m =100 ##$$a Badwillan, Ahmad Solim =245 ##$$a Menikmati cinta, oleh Ahmad Salim Badwilan ; penerjemah, Arif Munandar ; editor, Muhammad Albani =260 ##$$a 2007 $b Solo =300 ##$$a x, 134 hlm, 21 cm =650 ##$$a Perkawinan-islam =700 ##$$a Munandar, Arif =850 ##$$a NBPNMAT